Zpráva o 1. (ustavující) schůzi Sněmovny národů 6. volební období. 27. června 1990

Uložené v:
Podrobná bibliografia
Médium: Kniha
Jazyk:Czech
Vydavateľské údaje: Praha Fed. shromáždění ČSFR 1990
Vydanie:1. vyd.
Tagy: Pridať tag
Žiadne tagy, Buďte prvý, kto otaguje tento záznam!

MARC

LEADER 00000nam a2200000 4500
001 c030811
005 20221215121123.6
041 0 |a cze 
044 |a CZ 
245 1 0 |a Zpráva o 1. (ustavující) schůzi Sněmovny národů  |b 6. volební období. 27. června 1990 
250 |a 1. vyd. 
264 1 |a Praha  |b Fed. shromáždění ČSFR  |c 1990 
300 |a 101 s.